Fray iñigo de mendoza y sus "coplas de vita christi" /

Guardado en:
Autor Principal: Rodriguez Puertolas, Julio
Formato: Libro
Publicado: Madrid : Gredos, 1968
Materias:
Etiquetas: Agregar Etiqueta
Sin Etiquetas, Sea el primero en etiquetar este registro!
LEADER 00509nam a22001575a 4500
001 EHU.bham007413
003 AR-BHAM
005 20090922151948.0
008 130507s1968##################000#0#####d
082 8 6 |a 861.207 
100 1 |a Rodriguez Puertolas, Julio 
245 1 0 |a Fray iñigo de mendoza y sus "coplas de vita christi" /  |c Julio Rodriguez Puertolas. 
260 |a Madrid :  |b Gredos,  |c 1968 
300 |a 633 p. 
653 |a Poesia espaÑola-1370-1516 
859 |a AR-BHAM  |b BIB. HUMANIDADES - General  |h 861.207  |i R618  |p 145.70  |t Ej.1